000 00410nam a2200181Ia 4500
001 1331
005 20260306143720.0
008 260306t1992||||xx |||||||||||||| ||spa||
041 _aESP
082 _a194
_bM88 T. 1
100 _aMounier, Emmanuel
_eAUT
245 0 _aObras completas:
_b(1931-1939)
260 _c1992
300 _a
_c22 cm.
650 _aGEN
654 _aCHU
942 _cLIB
_dJUS
_fJUS
_2ddc
_n
999 _c1331
_d1331